| 000 | 00765nam a22002651 4500 | ||
|---|---|---|---|
| 001 | 15983 | ||
| 003 | BD-RjUL | ||
| 005 | 20211208235927.0 | ||
| 008 | 140211s1984 ii a b 000 0 eng | ||
| 035 | _a(BD-RjUL)16038 | ||
| 040 |
_aDLC _cDLC _dDLC _dBD-RjUL _beng |
||
| 041 | _aeng | ||
| 082 | 0 | 0 |
_a158.7 _bBLI 1984 _223 |
| 100 | 1 |
_aBlum, Milton L., _d1912- _95486 |
|
| 245 | 1 | 0 |
_aIndustrial psychology / _c Milton L. Blum & James C. Naylor. |
| 250 | _a1st. Indian ed. | ||
| 260 |
_aNew Delhi : _bCBS, _c1984. |
||
| 300 |
_axiii, 633 p. : _billus. ; _c24 cm. |
||
| 504 | _aIncludes bibliographies. | ||
| 650 | 0 |
_aPsychology, Industrial. _93670 |
|
| 700 | 1 |
_aNaylor, Jack C., _9229726 |
|
| 942 |
_2ddc _cBK |
||
| 999 |
_c15983 _d15983 |
||